ដំណាំស្វាយនៅកម្ពុជា (Record no. 1525)
[ view plain ]
| 000 -LEADER | |
|---|---|
| fixed length control field | 00407nam a22001457a 4500 |
| 003 - CONTROL NUMBER IDENTIFIER | |
| control field | OSt |
| 005 - DATE AND TIME OF LATEST TRANSACTION | |
| control field | 20150930152420.0 |
| 008 - FIXED-LENGTH DATA ELEMENTS--GENERAL INFORMATION | |
| fixed length control field | 150930b xxu||||| |||| 00| 0 eng d |
| 040 ## - CATALOGING SOURCE | |
| Transcribing agency | RUA |
| 082 ## - DEWEY DECIMAL CLASSIFICATION NUMBER | |
| Classification number | AGR ប៉ុល 1992 B002 Or.1 |
| 100 ## - MAIN ENTRY--PERSONAL NAME | |
| 9 (RLIN) | 1617 |
| Personal name | ប៉ុល, វណ្ណារ៉ា |
| 245 ## - TITLE STATEMENT | |
| Title | ដំណាំស្វាយនៅកម្ពុជា |
| 300 ## - PHYSICAL DESCRIPTION | |
| Extent | 61p. |
| Dimensions | 29cm. |
| 942 ## - ADDED ENTRY ELEMENTS (KOHA) | |
| Source of classification or shelving scheme | |
| Koha item type | AGR |
| Price effective from | Date last seen | Permanent Location | Not for loan | Date acquired | Source of classification or shelving scheme | Koha item type | Lost status | Withdrawn status | Date last checked out | Total Checkouts | Shelving location | Damaged status | Barcode | Current Location | Full call number |
|---|---|---|---|---|---|---|---|---|---|---|---|---|---|---|---|
| 2015-09-30 | 2016-08-01 | Library Block B | 2015-09-30 | AGR | 2016-07-17 | 1 | B002 | RUA018516 | Library Block B | AGR ប៉ុល 1992 B002 Or.1 | |||||
| 2016-01-26 | 2016-08-25 | Library Block B | 2016-01-26 | AGR | 2016-08-03 | 1 | RUA037154 | Library Block B | AGR ប៉ុល 1992 B002 Or.2 | ||||||
| 2016-01-26 | 2016-01-26 | Library Block B | 2016-01-26 | AGR | RUA036701 | Library Block B | AGR ប៉ុល 1992 B002 Or.3 | ||||||||
| 2016-01-26 | 2016-01-26 | Library Block B | 2016-01-26 | AGR | RUA035402 | Library Block B | AGR ប៉ុល 1992 B002 Or.4 |